Investing in American industries ; analysis of opportunities today /

Bibliographic Details
Main Author: Plum, Lester V.
Format: Book
Language:English
Published: New York : Harper, [1960]
Subjects:

MARC

Tag First Indicator Second Indicator Subfields
LEADER 00000cam a2200000 4500
001 in00000075268
005 20151008052618.0
008 711118s1960 nyua b 00000 eng u
010 |a  60005705  
035 |a (OCoLC)00172994 
035 |9 AAH4115AM 
040 |c WSU  |d TXA  |d UtOrBLW 
049 |a TXAM  |c [316317] 
050 0 |a HC106.5  |b .P63 
092 |a 332.67  |b P734i 
100 1 |a Plum, Lester V. 
245 1 0 |a Investing in American industries ;  |b analysis of opportunities today /  |c Contributors: William M. Bennett [and others]. 
264 1 |a New York :  |b Harper,  |c [1960] 
300 |a 404 pages 
336 |a text  |b txt  |2 rdacontent 
337 |a unmediated  |b n  |2 rdamedia 
338 |a volume  |b nc  |2 rdacarrier 
504 |a Includes bibliography. 
650 0 |a Securities  |z United States. 
650 0 |a Industries  |z United States. 
999 |a MARS 
999 f f |s 83e2e4ef-42dd-3860-8886-9ab9228e18ac  |i 1a399e02-a448-3992-ada2-0e4b3da217ba  |t 0 
952 f f |p ric  |a Texas A&M University  |b Rellis Campus  |c Joint Library Facility  |d Remote Storage  |t 0  |e HC106.5 .P63  |h Library of Congress classification  |i unmediated -- volume  |m A14800737222 
998 f f |a HC106.5 .P63  |t 0  |l Remote Storage